Biocatalysis and agricultural biotechnology

Biocatalysis and Agricultural Biotechnology encapsulates the cutting-edge advances in the field with contributions from more than 50 international experts comprising sectors of academia, industry, and government research institutes, a virtual Who's Who among biocatalysis scientists.

Đã lưu trong:
Bibliografiske detaljer
Format: Bog
Sprog:Undetermined
Udgivet: Boca Raton CRC Press 2009
Fag:
Tags: Tilføj Tag
Ingen Tags, Vær først til at tagge denne postø!
Thư viện lưu trữ: Trung tâm Học liệu Trường Đại học Cần Thơ
LEADER 00861nam a2200205Ia 4500
001 CTU_154775
008 210402s9999 xx 000 0 und d
020 |c 2943000 
082 |a 631 
082 |b B615 
245 0 |a Biocatalysis and agricultural biotechnology 
245 0 |c Edited by Ching T. Hou, Jei-Fu Shaw 
260 |a Boca Raton 
260 |b CRC Press 
260 |c 2009 
520 |a Biocatalysis and Agricultural Biotechnology encapsulates the cutting-edge advances in the field with contributions from more than 50 international experts comprising sectors of academia, industry, and government research institutes, a virtual Who's Who among biocatalysis scientists. 
650 |a Agricultural biotechnology,Enzymes 
650 |x Congresses,Biotechnology,Congresses 
904 |i Giang 
980 |a Trung tâm Học liệu Trường Đại học Cần Thơ